แสดงรายละเอียดบรรณานุกรม
  กลับหน้าหลัก

Brief Record : Get Marc (ISO 2709) : E-mail record : QR code ปิดหน้าต่าง
LEADER 00000nama 2200000uu 4500
001    198971
003     ULIBM
008    040531s|||| th m m a000 0 tha d
041    tha
050    วจ. WQ200 ร333พ 2547.
100    รัชนี พจนา.
245    พฤติกรรมการดูแลตนเองของหญิงตั้งครรภ์ ที่มีการเจ็บครรภ์คลอดก่อนกำหนด = Self - Care Behavior of Premature labor pain Pregnant/ รัชนี พจนา,ดวงชีวัน บูรณะกิจ.
260    ขอนแก่น. วิทยาลัยพยาบาลบรมราชชนนี ขอนแก่น. 2547.
300    40 หน้า.
600    1.วิทยาลัยพยาบาลบรมราชชนนี ขอนแก่น.
650    1.การดูแลตนเอง - - หญิงตั้งครรภ์ 2.การคลอดก่อนกำหนด.
995    004
รายการนี้ยังไม่มีแท็ก
คุณยังไม่ได้ล็อกอิน คุณสามารถมีกิจกรรมร่วมกับเว็บไซต์ได้ แต่ต้องล็อกอินก่อน ::
  ล็อกอิน
ลำดับที่ ประเภท เลขเรียก สถานที่ สถานะ
1. งานวิจัย
งานวิจัย
วจ. WQ200 ร333พ 2547.  
  
หนังสือทั่วไป On Shelf
  ขอยืม
   [แสดง 1/1 รายการ]

BibComment


ยังไม่เคยถูกคอมเมนท์

คอมเมนท์ทรัพยากรรายการนี้
  คอมเมนท์: พฤติกรรมการดูแลตน..
Bib 198971

 
 
 

 Union Library Management : ULibM
Copyright 2026. All Rights Reserved.
скачать бесплатно без регистрации порно красивый секс HD Sex Hindi sex

xxx gou

xxxx

bfxxx

xxxwww

Секса Видео

xxxx

Секса Видео

detube

geilexxx

C99 Shell

worms shell

blod xxx video
Ebony Coed Rihanna Rimes Takes A Dick In Her Young Twat priyaa indian fuck anal and pusssy hardcore indian women xxx desi hardcore fucking part 1 bengalixxxcouple